1349 1040 1857 1347 1824 1463 1764 1849 1628 1038 1038 1860 1668 1123 1174 1500 1851 1513 1184 1247 1924 1061 1499 1995 1674 1229 1702 1853 1784 1197 1000 1481 1236 1559 1855 1430 1516 1465 1402 1142 1493 1790 1460 1565 1618 1201 1458 1470 1677 1116 1834 1309 1038 1366 1233 1516 1881 1922 1948 1584 1248 1184 1467 1401 1683 1676 1064 1868 1758 1542 1742 1719 1364 1963 1126 1878 1331 1080 1717 1944 2000 1917 1603 1165 1017 1353 1766 1381 1712 1442 1891 1212 1382 1020 1774 1499 1583 1837 1200 BCNSPRNW ULIB Ver.6.0+V

เปลี่ยนเป็นภาษาไทย

Change to English
 แสดงรายละเอียดบรรณานุกรม
  กลับหน้าหลัก

Brief Record : Get Marc (ISO 2709) : E-mail record : QR code < ปิดหน้าต่าง
LEADER : 00000nam a2200000Ia 4500
001    13399126044
003     ULIB
008    170421s2560 th 000 0 tha d
020    ^a9786165470872
040    ^absc
050  4 ^aPE1112^bส779c
100 0  ^aสุทิน พูลสวัสดิ์
245 10 ^aCU-TEP grammar :^berror identificationภาษาอังกฤษเข้าจุฬาลงกรณ์มหาวิทยาลัย /^cSutin Poolsawad
246 30 ^aภาษาอังกฤษเข้าจุฬาลงกรณ์มหาวิทยาลัย
246 31 ^aBest test preparation for CU-TEP : CU-TEP grammar
250    ^aพิมพ์ครั้งที่ 4
260    ^aกรุงเทพฯ :^bศูนย์หนังสือ ที.จี.อาร์.อี.,^c2560
300    ^a266 หน้า ;^c26 ซม.
610 24 ^aจุฬาลงกรณ์มหาวิทยาลัย^xการสอบคัดเลือก^xข้อสอบและเฉลย
650  0 ^aEnglish language^xGrammar
650  0 ^aEnglish language^vExaminations, questions, etc.
650  0 ^aEnglish language^xExaminations
650  4 ^aภาษาอังกฤษ^xไวยากรณ์
650  4 ^aภาษาอังกฤษ^vข้อสอบและเฉลย
650  4 ^aภาษาอังกฤษ^xการสอบ
700 0  ^aSutin Poolsawad
910    ^aSend to UC
945    ^p285^l0^i25840
995    ^aกัณชพร
999    ^aกัณชพร
รายการนี้ยังไม่มีแท็ก
คุณยังไม่ได้ล็อกอิน คุณสามารถมีกิจกรรมร่วมกับเว็บไซต์ได้ แต่ต้องล็อกอินก่อน ::
  ล็อกอิน

รายการสื่อสารสนเทศ

ลำดับที่ ประเภท เลขเรียก/บาร์โค้ด สถานที่ สถานะ
1. วิทยาศาสตร์การแพทย์ และสุขภาพ
วิทยาศาสตร์การแพทย์ และสุขภาพ
PE1112 ส779c ฉ.1 
  Barcode: 25840
ห้องสมุดวิทยาเขตสวรรค์ประชารักษ์
►หนังสือทั่วไป
ถูกยืม กำหนดส่งวันที่ 1 ธันวาคม 2568
  จอง

รายการใกล้เคียง
    ผู้แต่ง [สุทิน พูลสวัสดิ์]

    หัวเรื่อง [English language Grammar]

BibComment


ยังไม่เคยถูกคอมเมนท์

คอมเมนท์ทรัพยากรรายการนี้
  คอมเมนท์: CUTEP grammar e..


 Copyright 2026. Bcnsprnw @Library